000 00261nam a2200109Ia 4500
008 240625s9999 xx 000 0 und d
041 _aeng
082 _a658.15224 BRE
100 _aBREALEY RICHARD A
245 _aPRINCIPLES OF CORPORATE FINANCE
260 _c2007
999 _c34546
_d34546